000 00881nam a2200253 i 4500
001 bg
100 1 _aKOWAL, Janusz.
245 1 0 _aPodstawy automatyki.
_nT. 1 /
_cJanusz Kowal.
250 _aWyd.2 popr.
260 _aKraków :
_bAGH [Akademia Górniczo-Hutnicza]. Uczelniane Wydawnictwa Naukowo-Dydaktyczne,
_c2004.
300 _a275 s., [4] k. tabl. złoż. :
_brys., tab., wykr. ;
_c24 cm.
504 _aBibliogr.
650 9 _aAutomatyka
_xteoria
650 9 _aSterowanie
_xteoria
655 _aPodręczniki akademickie
020 _a8389388170
040 _cBPK
041 _apol
080 _a681.5:519.7](075.8)
920 _a83-89388-17-0
942 _cKS
008 s pl f |000 0 pol
999 _c44893
_d44893
856 _uhttp://koha.tu.koszalin.pl/cgi-bin/koha/opac-detail.pl?biblionumber=44893
_yKatalog online BPK